| 000 | 00595aam a2200193 4500 | ||
|---|---|---|---|
| 005 | 20170123112825.0 | ||
| 008 | 150226b xxu||||| |||| 00| 0 eng d | ||
| 041 | _aSPA | ||
| 082 | _aDE 169 | ||
| 100 |
_aBadilla Sandoval, Luisa _936794 |
||
| 245 | _aSelección del personal a aspirante de polícia y su efecto en la calidad de agentes graduados | ||
| 260 | _c2016 | ||
| 650 |
_aCOSTA RICA _936795 |
||
| 650 |
_aADMINISTRACIÓN DE EMPRESAS _9521 |
||
| 650 |
_aRECURSOS HUMANOS _936796 |
||
| 650 |
_aSELECCIÓN DE PERSONAL _9398 |
||
| 650 |
_aESCUELA NACIONAL DE POLÍCIA _936797 |
||
| 942 | _cIP | ||
| 999 |
_c8795 _d8795 |
||